00493nam a2200145Ia 4500008004100000041000800041082001800049100002400067245001400091260004100105300003400146365001100180999001700191952013900208240624s9999 xx 000 0 und d aeng a808.89894 TAG aTAGORE RABINDRANATH aGITANJALI c2012aNew DelhibPenguin Books India alxxxvi, : 257 : p. : cm. ; 19 cRSb25 c19148d19148 00104070aIMTNbIMTNcRack 38-Ad2012-06-06eAPg250.00l1o808.89894 TAGp19148r2025-10-15 00:00:00s2025-10-04t1w2024-06-24yBK